Súčasný stav a trendy v konsolidácii účtovnej závierky

Globalizácia ekonomiky a všetko čo s ňou súvisí. Konsolidovaná účtovná závierka doplnená o ďalšie nadväzujúce informácie ako jeden z najmodernejších nástrojov rozhodovania pri riadení nadnárodných ekonomických celkov a významný zdroj informácií pre potreby manažmentu. Podstata konsolidovanej účtovne...

Ausführliche Beschreibung

Gespeichert in:
Bibliographische Detailangaben
1. Verfasser: Hvoždarová, Jana
Format: Buchkapitel
Sprache:Slowakisch
Schlagworte:
Tags: Tag hinzufügen
Keine Tags, Fügen Sie das erste Tag hinzu!

MARC

LEADER 00000naa a2200000 4500
001 r042067
005 20231002073601.0
041 0 |a slo 
044 |a SK 
245 1 0 |a Súčasný stav a trendy v konsolidácii účtovnej závierky  |c Jana Hvoždarová 
520 |a Globalizácia ekonomiky a všetko čo s ňou súvisí. Konsolidovaná účtovná závierka doplnená o ďalšie nadväzujúce informácie ako jeden z najmodernejších nástrojov rozhodovania pri riadení nadnárodných ekonomických celkov a významný zdroj informácií pre potreby manažmentu. Podstata konsolidovanej účtovnej závierky. Z histórie konsolidovanej účtovnej závierky. Štandardy IAS a slovenská právna úprava. 
610 2 0 |a závierka účtovná konsolidovaná 
610 2 0 |a história 
610 2 0 |a globalizácia hospodárstva 
610 2 0 |a spoločnosti nadnárodné 
610 2 0 |a rozhodovanie 
610 2 0 |a manažment 
610 2 0 |a štandardy 
610 2 0 |a Slovensko 
610 2 0 |a IAS 
100 1 |a Hvoždarová, Jana